000 00691nam a2200217Ii 4500
003 JO-AjNU
008 230605s9999||||xx |||||||||||||| ||und||
017 _a200410/2631
040 _aJO-AjNU
_bara
_erda
_cJO-AjNU
041 _aara
050 1 4 _aTD147.H34 2005
100 3 _aالحفيظ ، نور عماد محمد ذياب ,
_eauthor
_916115
245 0 0 _aالبئية حمايتها تلوثها مخاطرها
250 _aط1
264 3 1 _aعمان :دار صفاء للنشر، 2005
300 _a176ص
336 _atext
_btxt
_2rdacontent
337 _aunmediated
_bn
_2rdamedia
338 _avolume
_bnc
_2rdacarrier
650 4 _aالبيئة-حماية البيئة
_916116
999 _aA4704
_c8272
_d8272